|
|
|
|
| LEADER |
00000nab a2200000 a 4500 |
| 001 |
vtls000186873 |
| 003 |
SK-MaSNL |
| 005 |
20260303115838.0 |
| 008 |
140423c1984 xo 0 slo |
| 015 |
|
|
|a SNBRB19rr/mm-uuuuu
|
| 035 |
|
|
|a CL0196986
|
| 040 |
|
|
|a SNKBUCL
|b slo
|c SNKBUCL
|e AACR2
|
| 041 |
0 |
|
|a slo
|
| 044 |
|
|
|a xo
|c SK
|
| 080 |
|
|
|a 840-3
|2 1981
|
| 100 |
1 |
|
|a Bazin, Hervé,
|d 1911-1996
|4 aut
|9 120054
|
| 245 |
1 |
0 |
|a Poradca sŕdc
|c Hervé Bazin ; Mária Puškárová
|
| 650 |
0 |
7 |
|a poviedky psychologické
|2 snkbucl
|9 893883
|
| 655 |
|
7 |
|a články z novín a časopisov
|2 snkbucl
|9 267496
|
| 655 |
|
7 |
|a články z odboru literárna veda a krásna literatúra
|2 snkbucl
|9 770045
|
| 700 |
1 |
|
|a Puškárová, Mária,
|d 1950-
|4 trl
|9 131605
|
| 773 |
0 |
|
|t Revue svetovej literatúry
|g Roč. 20, č. 4 (1984), s. 158-163
|
| 850 |
|
|
|a Slovenská národná knižnica v Martine
|a MTA001
|
| 852 |
|
|
|a SNK
|b KIS3GCP
|
| 958 |
|
|
|a RK
|
| 958 |
|
|
|a LX
|
| 999 |
|
|
|c 1906348
|d 1908278
|